000 00617nam a22001937a 4500
005 20241122190934.0
008 241122b |||||||| |||| 00| 0 eng d
020 _a0618314229
050 _aQA154.3
_b.L35
100 _aLarson, Ron
245 _aCollege Algebra/
_binstructor's annotated edition
_cRon Larson, Robert P. Hostetler, assisted by David C. Falvo
250 _a6th ed.
260 _aBoston
_bHoughton Mifflin Company
_c2004
300 _axxv.675. various paging
_bill. some color
_c26cm
650 _2Algebra
700 _aHostetler, Robert P.
700 _aFalvo C. David
942 _2lcc
_cBK
_e6th ed.
_n0
999 _c1493
_d1493